Statistics for Colorado County Trivia - El Paso

Click here to take the quiz!

General Stats

  • This quiz has been taken 4 times
  • The average score is 11 of 18

Answer Stats

ClueAnswer% Correct
County seat and largest cityColorado Springs
100%
Colorado county that is second in population to El PasoDenver
75%
Colorado's only Army base — the "Mountain Post"Fort {Carson}
75%
Park famous for its red rock formationsGarden of the Gods (Ho3o’uu Niitko’usi’i)
75%
Only interstate highwayI-25
75%
Military organization that runs a Santa Tracker; historically headquartered inside #4NORAD
75%
Highest mountain; inspired the lyrics to "America the Beautiful"Pikes Peak (Tavakiev / Heeyotoyoo')
75%
Military academyU.S. Air Force Academy
75%
Mountain famous for its zoo and its underground military complexCheyenne Mountain
50%
Liberal arts collegeColorado College
50%
Republican representing Colorado's 5th congressional districtDoug Lamborn
50%
Resort town east of #1Manitou Springs
50%
Former Colorado capital; now a commercial neighborhood of #1Old Colorado City
50%
Interpretive park featuring colorful clay sedimentsPaint Mines
50%
Former Air Force bases redesignated as Space Force bases{Peterson} SFB
50%
Former Air Force bases redesignated as Space Force bases{Schriever} SFB
50%
Other major federal highwayUS 24
50%
Mountain pass for which the county was namedUte Pass
50%

Score Distribution

Percentile by Number Answered

Percent of People with Each Score

Your Score History

You have not taken this quiz